Kashmir Conflict : Changing Dynamics and The Prospects for Peace / (Record no. 523540)
[ view plain ]
| 000 -LEADER | |
|---|---|
| fixed length control field | 00374nam a22001457a 4500 |
| 003 - CONTROL NUMBER IDENTIFIER | |
| control field | NUST |
| 038 ## - RECORD CONTENT LICENSOR | |
| Staff Name | waseem |
| 082 ## - DEWEY DECIMAL CLASSIFICATION NUMBER | |
| Classification number | 954.6 |
| Author Mark | ULL |
| 100 ## - MAIN ENTRY--PERSONAL NAME | |
| Personal name | Ullah, Imdad |
| 9 (RLIN) | 14110 |
| 245 ## - TITLE STATEMENT | |
| Title | Kashmir Conflict : Changing Dynamics and The Prospects for Peace / |
| Statement of responsibility, etc. | Imdad Ullah |
| 260 ## - PUBLICATION, DISTRIBUTION, ETC. | |
| Place of publication, distribution, etc. | Islamabad : |
| Name of publisher, distributor, etc. | NUST, |
| Date of publication, distribution, etc. | 2019. |
| 300 ## - PHYSICAL DESCRIPTION | |
| Extent | 274 p. ; |
| 500 ## - GENERAL NOTE | |
| General note | Paperback. |
| 942 ## - ADDED ENTRY ELEMENTS (KOHA) | |
| Source of classification or shelving scheme | |
| Koha item type | Book |
| Withdrawn status | Lost status | Source of classification or shelving scheme | Damaged status | Not for loan | Permanent Location | Current Location | Date acquired | Total Checkouts | Total Renewals | Full call number | Barcode | Date last seen | Date last checked out | Price effective from | Koha item type |
|---|---|---|---|---|---|---|---|---|---|---|---|---|---|---|---|
| Central Library (CL) | Central Library (CL) | 04/14/2019 | 3 | 1 | 954.6 ULL | CL-D-364 | 11/30/2024 | 10/26/2024 | 04/14/2019 | Book |
